Sufragistas

El movimiento sufragista nació en Inglaterra en vísperas de la Primera Guerra Mundial. La mayoría de las sufragistas no procedían de las clases altas, sino que eran obreras que veían impotentes cómo sus pacíficas protestas no servían para nada. Entonces se radicalizaron y, en su incansable lucha por...

Descripción completa

Guardado en:
Autor Principal: Gavron, Sarah.
Autor Corporativo: Film4.
Otros Autores: Streep, Meryl; Reparto., Mulligan, Carey; Reparto., Bonham Carter, Helena; Reparto.
Formato: Deslizar
Idioma:Undetermined
Publicado: Reino Unido : Pathé, 2015.
Materias:
Etiquetas: Agregar Etiqueta
Sin Etiquetas, Sea el primero en etiquetar este registro!
LEADER 01354ngm a22002415a 4500
001 CEM.cems020998
008 240409s2015####xx#---############vlund#d
005 20240409163717.0
245 1 0 |a Sufragistas  |h [videograbación] /  |c Sarah Gavron. 
260 |a Reino Unido :  |b Pathé,  |c 2015. 
300 |a 106'. 
520 |a El movimiento sufragista nació en Inglaterra en vísperas de la Primera Guerra Mundial. La mayoría de las sufragistas no procedían de las clases altas, sino que eran obreras que veían impotentes cómo sus pacíficas protestas no servían para nada. Entonces se radicalizaron y, en su incansable lucha por conseguir la igualdad, se arriesgaron a perderlo todo: su trabajo, su casa, sus hijos y su vida. La protagonista es Maud, una mujer que reivindicó denodadamente la dignidad de las mujeres. 
590 |a Identificación anterior: 411 
538 |a Soporte: DVD - Formato: AVI – Peso: 699mb - Resolución: 640 x 272 - 23.98 fps 
500 |a Título original: Suffragette - Idioma original: Inglés - Subtítulos: Español. 
100 1 |a Gavron, Sarah. 
700 1 |a Streep, Meryl; Reparto. 
700 1 |a Mulligan, Carey; Reparto. 
700 1 |a Bonham Carter, Helena; Reparto. 
710 2 |a Film4. 
653 |a LARGOMETRAJE 
653 |a FICCION 
859 |a CEMS  |b BIB. CEMS - Depto. Recursos Didacticos  |h 778.5  |i GAV-1  |k DRD  |p 3345.24  |t Ej.1